000 00316nam a22001337a 4500
008 170614b xxu||||| |||| 00| 0 eng d
020 _a9780534574413
041 _aeng
080 _a329
100 _a19
101 _aSHP
245 _aPOLITICS PARTIES AND ELECTIONS IN AMERICA
_cBIBBY.J.F
942 _2udc
_cBK
999 _c17253
_d17253